| 000 | 01086nam a2200277 a 4500 | ||
|---|---|---|---|
| 001 | 885 | ||
| 003 | BR-CuiBMT | ||
| 005 | 20231128203749.0 | ||
| 008 | 231122s2022 mgb 000 0 por d | ||
| 020 | _a9786555184044 | ||
| 040 |
_aBR-CuiBMT _cBR-CuiBMT |
||
| 080 |
_22007 _a342.9 |
||
| 090 |
_a342.9 _bD598 _c2. ed. |
||
| 245 | 0 | 0 |
_aDireito administrativo e alternative dispute resolution : _barbitragem, dispute board, mediação e negociação / _cLeila Cuéllar ... [et. al.]. |
| 250 | _a2. ed., rev., ampl. e atual. | ||
| 260 |
_aBelo Horizonte : _bFórum, _c2022. |
||
| 300 |
_a506 p. ; _c22 cm |
||
| 500 | _aCom comentários à legislação do Rio de Janeiro, São Paulo, Rio Grande do Sul e união sobre arbitragem e mediação em contratos administrativos e desapropriações. | ||
| 504 | _aInclui bibliografia. | ||
| 650 | _aArbitragem (Direito administrativo) | ||
| 650 |
_aDireito administrativo _zBrasil |
||
| 650 |
_aDireito econômico _zBrasil |
||
| 650 |
_aAdministração pública _xArbitragem comercial |
||
| 700 | 1 |
_aCuéllar, Leila _4et al. |
|
| 942 |
_2udc _cLV |
||
| 999 |
_c885 _d885 |
||